Sports Quiz

Random Sports or WWE Quiz
Score 0/60 Timer 10:00
0 Plays Today
% Correct
The New Age Outlaws
86.9%
The Wyatt Family
86%
Batista
83.7%
Daniel Bryan
82.7%
Rey Mysterio
81%
The Ultimate Warrior
80.5%
Cesaro
79.8%
CM Punk
79.6%
The Undertaker
78.5%
Paige
78.1%
John Cena
75.8%
The Shield
75.2%
Seth Rollins
73.1%
Charlotte
72.3%
Rusev
71.8%
Bad News Barrett
71.7%
Randy Orton
71.7%
AJ Lee
71.5%
Brock Lesnar
70.6%
Kaitlyn
70.6%
Vickie Guerrero
69.7%
Nikki Bella
68.3%
Sting
68%
Adrian Neville
68%
Alberto Del Rio
68%
Damien Mizdow
67.7%
Steve Austin
67.2%
Luke Harper
67%
The Usos
66.7%
Big Show
66.3%
% Correct
Viscera
65.6%
Gold & Stardust
65.6%
Dean Ambrose
65.4%
Jake Roberts
64.5%
The Ascension
64.4%
Drew McIntyre
63.8%
The Rock
63.2%
Roman Reigns
62.6%
Bray Wyatt
62.1%
Justin Roberts
61.1%
Sheamus
60.3%
Jack Swagger
60.2%
Sami Zayn
59.6%
The New Day
59.4%
Natalya
58.3%
Brie Bella
58.1%
Finn Balor
58%
Dolph Ziggler
57.4%
Hulk Hogan
55.4%
Mae Young
54.7%
Adam Rose
52.6%
Cody Rhodes
52.4%
The Lucha Dragons
52.2%
Hideo Itami
52.2%
Chris Jericho
51.8%
Kevin Owens
51.2%
Summer Rae
50.6%
The Miz
48.9%
Randy Savage
47%
Big E
28.7%
Remove Ads.
Support Sporcle.
Get the best of Sporcle when you Go Orange. This ad-free experience offers more features, more stats, and more fun while also helping to support Sporcle. Thank you for becoming a member.

You're not logged in!

Compare scores with friends on all Sporcle quizzes.
OR
Log In

Show Comments

Extras

Top Quizzes Today


Score Distribution

Your Account Isn't Verified!

In order to create a playlist on Sporcle, you need to verify the email address you used during registration. Go to your Sporcle Settings to finish the process.

Report this User

Report this user for behavior that violates our Community Guidelines.

Details: